¿Qué fueron las Cruzadas? /

Gardado en:
Detalles Bibliográficos
Autor Principal: Riley-Smith, Jonathan (autor)
Outros autores: Font, Carme (traducción) (traducción)
Formato: Libro
Idioma:Lingua castelá
Publicado: Barcelona, España : Acantilado, 2012, c2012
Series:(El Acantilado ; 245)
Temas:
Etiquetas: Engadir etiqueta
Sen Etiquetas, Sexa o primeiro en etiquetar este rexistro!

MARC

LEADER 00000nam^a2200000^a^4500
001 000570572
005 20250521000000.0
009 20260310132231.449
020 |a 978-84-15277-60-6 
037 |a Acervo ITESO - Biblioteca 
041 |a ESP 
082 |a 909. 07  |b RIL 
100 |a Riley-Smith, Jonathan  |e (autor) 
245 1 0 |a ¿Qué fueron las Cruzadas? /  |c J. Riley-Smith ; tr. por C. Font. 
264 4 |a Barcelona, España :  |b Acantilado,  |c 2012, c2012 
300 |a 174 p. 
336 |a texto  |b txt  |2 rdacontenido 
337 |a sin mediación  |b n  |2 rdamedio 
338 |a volumen  |b nc  |2 rdasoporte 
440 4 |a (El Acantilado ;  |v 245) 
500 |a Traducción de: What Were the Crusades? 
649 |a XX 
650 |a Cruzadas -  |x Historia -  |x Tema Principal 
650 |a Palestina -  |x Historia -  |y Dominación Arabe, 638-1516 
650 |a Imperio Musulmán -  |x Historia 
650 |a Medio Oriente -  |x Historia -  |y Dominación Arabe, 622-1517 
650 |a Europa -  |x Historia -  |y 476-1492 
650 |a Edad Media -  |x Historia 
700 |a Font, Carme  |e (traducción) 
910 |a Fondo Castillo-Martínez 
920 |a Impresos - Libros 
930 |a Fondos Especiales 
905 |a 127 
901 |a 0500343967  |b IT2  |c ESP  |i D124835  |u 20250521 
902 |a https://opac.biblio.iteso.mx/vufind/Record/000570572